| 000 | 00779cam a22001934a 4500 | ||
|---|---|---|---|
| 005 | 20250605163959.0 | ||
| 008 | 250528s ||||||||||||||||||||||||d | ||
| 035 | _a15561 | ||
| 020 | _a13444910 | ||
| 040 |
_aGR-AtMCL _bgre _dGR-AtMCL _eAACR2 |
||
| 245 | 1 | _aHuman-Computer Interaction / Selected Readings | |
| 260 |
_bPrentice Hall, _c1989 |
||
| 300 | _a438 | ||
| 520 | _aProvides the reader with a broad overview of both theoretical and practical issues in human - computer interaction. Preface, Acknowledgements, The Scope of Human - Computer Interaction, Interaction Tasks and Devices and Communication Skills, Psychological Aspects, Design, Evaluation, Tools for Design, Index. | ||
| 700 | 1 |
_aPreece Jenny _91512 |
|
| 942 | _cBK | ||
| 999 |
_c1132 _d1132 |
||